00953nam a2200265 i 4500001000300000003000900003005001700012008003900029015001700068040003500085041001300120080000700133100004700140245008200187246006200269250001900331260005600350300003300406380001700439655002600456650001100482700005400493710004200547856009800589bgKOSZ 00520200630132822.0080312s1967 pl a f f 000 0 pol aPB 1967/9572 aWA NcKOSZ 005/RWdKOSZ 005/RW1 apolhrus a541 aGlinka, Nikolaj Leonidovičd(1882-1965).10aZadania i ćwiczenia z chemii ogólnej /cN. Glinka ; [tł. St. Raszejowa].1 iTyt. oryg. :aZadači i upražneniâ po obŝej himii. aWyd. 8 nie zm. aWarszawa :bPaństwowe Wydawnictwo Naukowe,c1967. a261, [2] s. :bil. ;c23 cm. aKsiążki. 4aĆwiczenia i zadania 4aChemia1 aRaszejowa, Stanisławad(1892-1973)eTłumaczenie2 aPaństwowe Wydawnictwo Naukowe4pbl. uhttp://koha.tu.koszalin.pl/cgi-bin/koha/opac-detail.pl?biblionumber=11168yKatalog online BPK